000 00541nam a2200169 i 4500
001 151127
003 ES-MaACL
005 20230906203837.0
007 t|
008 071211s1933 pn ||||1| spa d
100 1 _aArrocha Graell, Catalino.
_923335
245 1 0 _aHistoria de la independencia de Panamá
_b: sus antecedentes y sus causas, 1821-1903 /
_cCatalino Arrocha Graell.
260 _aPanamá :
_bThe Star & Herald,
_c1933.
300 _aVI, 277 p. ;
_c22 cm.
651 4 _aPanamá-
_xHistoria.
_99205
852 _aES-MaACL
_jA-1433
999 _c151127
_d151127